[Event "FRA-chT2 9495"]
[Site "France"]
[Date "1994.??.??"]
[Round "?"]
[White "Bellas, Alexandre"]
[Black "Piquemal, Christiane"]
[Result "1-0"]
[WhiteElo "2190"]
[BlackElo "2060"]
[PlyCount "195"]
[EventDate "1994.??.??"]
[EventType "team"]
[EventRounds "11"]
[EventCountry "FRA"]
[SourceTitle "EXT 2008"]
[Source "ChessBase"]
[SourceDate "2007.11.25"]
[SourceVersion "1"]
[SourceVersionDate "2007.11.25"]
[SourceQuality "1"]

1. Nf3 d5 2. g3 e6 3. Bg2 f5 4. c4 Nf6 5. 0-0 Be7 6. d4 0-0 7. Nc3 c6 8. Qb3 Qb6 9. Qa4 Qa6 10. Qxa6 Nxa6 11. Rd1 Bd7 12. Ne5 Be8 13. a3 Nc7 14. b4 a5 15. bxa5 Rxa5 16. c5 Nb5 17. Bd2 Nxc3 18. Bxc3 Ra7 19. Rdb1 Ne4 20. Be1 Bf6 21. f4 Bxe5 22. fxe5 Bd7 23. Rb3 Rfa8 24. Ra2 Bc8 25. Bb4 Bd7 26. Bd2 h6 27. Kf1 Bc8 28. Ke1 Ra4 29. Bb4 Bd7 30. Bf1 Bc8 31. e3 Bd7 32. Bd3 Be8 33. Bd2 R8a7 34. Bc1 Bd7 35. Bd2 Be8 36. Be2 Kh7 37. Bc1 Bd7 38. Ra1 g6 39. Bd2 Bc8 40. Bc1 h5 41. Ra2 Kg7 42. Bd3 Ng5 43. Ke2 Ra8 44. Bd2 R8a7 45. Ra1 Ra8 46. Bb4 Bd7 47. Rab1 Bc8 48. Rh1 Bd7 49. Rb2 Nh3 50. Bc2 R4a7 51. a4 g5 52. Bd2 Rh8 53. Rhb1 Bc8 54. Be1 Kg6 55. Bd1 Kg7 56. Kf3 Kg6 57. Kg2 g4 58. Rb6 Rh7 59. a5 Rc7 60. Ba4 Bd7 61. Bc2 Kf7 62. Bd3 Bc8 63. Ra1 Ke7 64. Rb3 Ng5 65. Bb4 Nh3 66. Rb2 Ng5 67. Bd2 Nh3 68. Bb4 Ng5 69. Bf1 Nh3 70. Bd2 Rd7 71. Rb6 Rc7 72. Rb2 Rd7 73. Rab1 Ng5 74. Be1 Nf3 75. Ra2 Rc7 76. h3 Kd8 77. Be2 Nxe1+ 78. Rxe1 Rh7 79. Rh1 gxh3+ 80. Rxh3 Bd7 81. Rxh5 Rxh5 82. Bxh5 Be8 83. Be2 Kc7 84. g4 fxg4 85. Bxg4 Kd7 86. Kg3 Bg6 87. Kf4 Ke7 88. Be2 Kd7 89. Bg4 Ke7 90. Kg5 Bf7 91. Rb2 Be8 92. Rh2 Bf7 93. Rh7 Ra8 94. Bh5 Rf8 95. Kh6 Ke8 96. Bxf7+ Rxf7 97. Rxf7 Kxf7 98. Kh7 1-0

[Event "FRA"]
[Site "France"]
[Date "1993.??.??"]
[Round "?"]
[White "Piquemal, Christiane"]
[Black "Flear, Christine"]
[Result "1/2-1/2"]
[WhiteElo "2050"]
[BlackElo "2185"]
[PlyCount "44"]
[EventDate "1993.??.??"]
[EventType "team"]
[EventRounds "11"]
[EventCountry "FRA"]
[SourceTitle "TD"]
[Source "ChessBase"]
[SourceDate "1994.03.01"]
[SourceVersion "1"]
[SourceVersionDate "1994.03.01"]
[SourceQuality "1"]

1. e4 e5 2. Nf3 Nc6 3. Bb5 a6 4. Bxc6 dxc6 5. 0-0 Bd6 6. d4 exd4 7. Qxd4 f6 8. c4 c5 9. Qe3 Ne7 10. Nc3 0-0 11. b3 Qe8 12. Ba3 Qh5 13. Rad1 Bg4 14. h3 Bxf3 15. Qxf3 Qe5 16. g3 Nc6 17. Qd3 Rfe8 18. Qd5+ Kh8 19. Na4 Qxe4 20. Qxe4 Rxe4 21. Bxc5 Re6 22. Bxd6 cxd6 1/2-1/2

[Event "FRA"]
[Site "France"]
[Date "1993.??.??"]
[Round "?"]
[White "Piquemal, Christiane"]
[Black "Gervais, Claire"]
[Result "1/2-1/2"]
[WhiteElo "2050"]
[BlackElo "2185"]
[PlyCount "33"]
[EventDate "1993.??.??"]
[EventType "team"]
[EventRounds "11"]
[EventCountry "FRA"]
[SourceTitle "TD"]
[Source "ChessBase"]
[SourceDate "1994.03.01"]
[SourceVersion "1"]
[SourceVersionDate "1994.03.01"]
[SourceQuality "1"]

1. e4 e6 2. d4 d5 3. Nc3 dxe4 4. Nxe4 Nd7 5. Bd3 Ngf6 6. Nxf6+ Nxf6 7. Nf3 c5 8. dxc5 Qa5+ 9. c3 Qxc5 10. 0-0 Be7 11. Qe2 0-0 12. Be3 Qc7 13. Bd4 Bd7 14. Rfe1 Bc6 15. Rad1 Rad8 16. Ng5 g6 17. b4 1/2-1/2